000 01347nam0a2200361 4500
001 RU\NLR\BIBL_A\022187556
005 20240416162810.0
010 _a978-5-6049261-0-9
_9500
021 _aRU
_bКН-П-24-011761
_9КН-П-24-1221
035 _a(NLR Aleph) 022187556
090 _a13002263
_c13002263
100 _a20240404d2024 u y0rusy50 ca
101 0 _arus
102 _aRU
105 _aa t 000gy
181 0 _ab3
_bab2e
181 0 _ai2
_baxxe
182 0 _an
200 1 _aУдачные приключения
_eстихи для детей
_e[книга-комикс
_eдля семейного чтения]
_fСергей и Светлана Палкины
_g[художник: Светлана Палкина]
203 _aТекст
_aИзображение
_bвизуальные
_cнепосредственные
210 _aСанкт-Петербург
_cТаймс
_d2024
215 _a47 с.
_cил., цв. ил.
_d26
333 _a0+
686 0 _aШ9(2)60=Р7-5
686 0 _aЩ153(2Р=Рус)8-475
700 1 _aПалкин
_bС.
_gСергей
701 1 _aПалкина
_bС.
_gСветлана
702 1 _aПалкина
_bС.
_gСветлана
_4040
942 _cBOOK
980 _aNB